000 00493nam a22001817a 4500
999 _c17706
_d17706
008 190525b xxu||||| |||| 00| 0 eng d
020 _a0415277221
040 _aKABU
_cKABU
050 _aQP376
_b.D37 2002 c. 1
100 _aDarlington, Cynthia
245 _aThe female brain
_cCynthia Darlington
260 _aLondon
_bTaylor & Francis
_c2002
300 _axi, 211 p.
650 _aBrain
650 _aWomen
_xPhysiology
650 _aNeuroendocrinology
942 _2lcc
_cBK
_hQP376